Rural labour relations in India: persistent themes, common processes and differential outcomes (Record no. 41325)

000 -LEADER
fixed length control field 00413pab a2200145 454500
008 - FIXED-LENGTH DATA ELEMENTS--GENERAL INFORMATION
fixed length control field 180718b1999 xxu||||| |||| 00| 0 eng d
100 ## - MAIN ENTRY--PERSONAL NAME
Personal name Byres, T.J.
245 ## - TITLE STATEMENT
Title Rural labour relations in India: persistent themes, common processes and differential outcomes
260 ## - PUBLICATION, DISTRIBUTION, ETC.
Date of publication, distribution, etc. 1999
300 ## - PHYSICAL DESCRIPTION
Extent p.10-24
362 ## - DATES OF PUBLICATION AND/OR SEQUENTIAL DESIGNATION
Dates of publication and/or sequential designation Jan-Apr
650 ## - SUBJECT ADDED ENTRY--TOPICAL TERM
Topical term or geographic name entry element Labour relations
773 ## - HOST ITEM ENTRY
Main entry heading Journal of Peasant Studies
909 ## -
-- 41325
Holdings
Withdrawn status Lost status Damaged status Not for loan Permanent Location Current Location Date acquired Serial Enumeration / chronology Barcode Date last seen Price effective from Koha item type
        Indian Institute of Public Administration Indian Institute of Public Administration 2018-07-19 Volume no: 26, Issue no: 2-3 AR41701 2018-07-19 2018-07-19 Articles

Powered by Koha